000 00644nam a2200229Ia 4500
003 OSt
005 20220925194005.0
006 a|||||r|||| 00| 0
007 ta
008 220923b |||||||| |||| 00| 0 eng d
037 _cGeneral Book
040 _aRTL
_cRTL
_beng
041 _2eng
_aeng
082 _aB271, J7/SC
100 _aCOHN P M
_9249946
245 0 _aLIE groups
260 _aCambridge
_bCambridge university press
_c1957
300 _avi,164p.
_ccm.
490 _aCambridge tracts in mathematics and mathematicla physics;46
942 _hB271, J7/SC
_cGB
_2CC
999 _c527804
_d527804